00768nam a2200169Ia 4500001001100000003000500011008004100016010001100057040000900068100003300077245025500110260003400365300002200399502008900421700003800510710005000548Para_10376CHAP220125sAbri xx 000 0 und d a209052 cCHAP aFernández Alcántara, Eli aDetección molecular de Clavivacter michiganensis subsp. Michiganensis subsp. Michiganensis en semilla de Solanum lycopersicum y Evaluación de Alternativas biorracionales de manejo /c Eli Fernández Alcántara; Director Angel Rebollar Aalviter aChapingo, Méx. :b el autor a1 CDS ROM (96 p.) aTesis (M.C. en Protección Vegetal). UACh. Departamento Parasitología Agrícola aRebollar Alviter, Angel. Director aUACh Departamento Parasitología Agrícola